00807nam a2200217Ia 4500008004100000020001800041022001500059040001300074082001500087245011700102260004300219300002500262500010400287650002900391650003100420650001500451650003300466700002500499700002400524710004100548191130s2009##################000#0#eng## a9780195692051 a2009346720 aACLcACL a340.11 AYE aJustice for the poor : perspectives on accelerating accesscedited by Ayesha Kadwani Dias and Gita Honwana Welch aOxfordbOxford University Presscc2009 axxii, 678 p. ; 23 cm aCopyright: United Nations Development Programme. Includes bibliographical references (p. [639]-676) aDispute resolution (Law) aJustice, Administration of aLaw reform aLegal assistance to the poor aDias, Ayesha Kadwani aWelch, Gita Honwana aUnited Nations Development Programme